Every deadly suspicion / Janice Cantore.
Available copies
- 0 of 1 copy available at LARL/NWRL Consortium. (Show)
- 0 of 1 copy available at Lake Agassiz Regional Library.
Current holds
0 current holds with 1 total copy.
View other formats and editions
Show Only Available Copies
| Location | Call Number / Copy Notes | Barcode | Shelving Location | Status | Due Date |
|---|---|---|---|---|---|
| Fertile Public Library | LARGE PRINT C CAN (Text) | 33500014244792 | New | Checked out | 05/08/2026 |
Record details
- ISBN: 9781420521375
- ISBN: 1420521373
- Physical Description: 469 pages (large print) ; 22 cm.
- Edition: Large print edition
- Publisher: Waterville, ME : Thorndike Press, a part of Gale, a Cengage Company, 2025.
- Copyright: ©2025
Content descriptions
| General Note: | Includes discussion questions. |
| Summary, etc.: | In Dry Oaks, California, Chief of Police Hanna ... Read More |
Search for related items by subject
| Genre: | Romance fiction. Detective and mystery fiction. Christian fiction. Novels. Large print books. |
| LDR | 03816cam a2200685 i 4500 | ||
|---|---|---|---|
| 001 | 469434 | ||
| 003 | LARL_NWRL_CONSORTIUM | ||
| 005 | 20250818165528.0 | ||
| 008 | 250519t20252025meu ed 000 1 eng d | ||
| 007 | tb | ||
| 040 | . | ‡aOMN ‡beng ‡cOMN ‡dOCLCO ‡dIUK ‡dDUD ‡dBDX | |
| 019 | . | ‡a1524046041 | |
| 020 | . | ‡a9781420521375 ‡q(hardcover : large print) | |
| 020 | . | ‡a1420521373 ‡q(hardcover : large print) | |
| 035 | . | ‡a(OCoLC)1520122123 ‡z(OCoLC)1524046041 | |
| 100 | 1 | . | ‡aCantore, Janice, ‡eauthor. ‡1https://id.oclc.org/worldcat/entity/E39PCjqtF7bgQYWFjBRKpvhBrq ‡0(LARL_NWRL_CONSORTIUM)220978 |
| 245 | 1 | 0. | ‡aEvery deadly suspicion / ‡cJanice Cantore. |
| 250 | . | ‡aLarge print edition | |
| 264 | 1. | ‡aWaterville, ME : ‡bThorndike Press, a part of Gale, a Cengage Company, ‡c2025. | |
| 264 | 4. | ‡c©2025 | |
| 300 | . | ‡a469 pages (large print) ; ‡c22 cm. | |
| 336 | . | ‡atext ‡btxt ‡2rdacontent | |
| 337 | . | ‡aunmediated ‡bn ‡2rdamedia | |
| 338 | . | ‡avolume ‡bnc ‡2rdacarrier | |
| 340 | . | ‡nlarge print ‡2rdafs | |
| 500 | . | ‡aIncludes discussion questions. | |
| 520 | . | ‡aIn Dry Oaks, California, Chief of Police Hanna Keyes has long believed her father, Joe, is a murderer, justly imprisoned. When she's told he's dying and is being given compassionate release from prison, she wants nothing to do with him. But taking him in might be Hanna's one shot at cracking the cold case, so she reluctantly agrees to oversee his care. Joe's arrival in Dry Oaks seems to set off a chain reaction of crimes. Then an infamous true-crime podcaster comes sniffing for information, and Hanna's first love, Jared, shows up just when she least needs the distraction. As Hanna tries to convince Joe to reveal what he knows about the missing persons, evidence in the cold case surfaces at a suspiciously rapid pace... suggesting there's more to the murders than people thought. With Joe's strength failing, Hanna and her colleagues look for answers, not only about the past but also about recent criminal dealings in Dry Oaks. As the puzzle pieces start to fit together, it becomes clear that there's a sinister plot at work, far more wide-reaching than anyone suspected, and that someone is desperate to silence the truth at any cost. -- ‡cProvided by publisher. | |
| 650 | 0. | ‡aWomen police chiefs ‡vFiction. | |
| 650 | 0. | ‡aFathers and daughters ‡vFiction. ‡0(LARL_NWRL_CONSORTIUM)164950 | |
| 650 | 0. | ‡aPodcasters ‡vFiction. | |
| 650 | 0. | ‡aCold cases (Criminal investigation) ‡vFiction. ‡0(LARL_NWRL_CONSORTIUM)171531 | |
| 650 | 0. | ‡aMurder ‡xInvestigation ‡vFiction. ‡0(LARL_NWRL_CONSORTIUM)166203 | |
| 650 | 0. | ‡aMissing persons ‡xInvestigation ‡vFiction. ‡0(LARL_NWRL_CONSORTIUM)173417 | |
| 650 | 0. | ‡aTrue crime stories ‡vFiction. | |
| 650 | 0. | ‡aFirst loves ‡vFiction. ‡0(LARL_NWRL_CONSORTIUM)165008 | |
| 650 | 0. | ‡aMan-woman relationships ‡vFiction. ‡0(LARL_NWRL_CONSORTIUM)165985 | |
| 651 | 0. | ‡aCalifornia ‡vFiction. ‡0(LARL_NWRL_CONSORTIUM)164052 | |
| 650 | 0. | ‡aLarge type books. ‡0(LARL_NWRL_CONSORTIUM)24284 | |
| 655 | 7. | ‡aRomance fiction. ‡2lcgft | |
| 655 | 7. | ‡aDetective and mystery fiction. ‡2lcgft | |
| 655 | 7. | ‡aChristian fiction. ‡2lcgft | |
| 655 | 7. | ‡aNovels. ‡2lcgft | |
| 655 | 7. | ‡aLarge print books. ‡2lcgft | |
| 776 | 0 | 8. | ‡iOnline version : Cantore, Janice. ‡tEvery deadly suspicion. ‡dIllinois : Tyndale House Publishers, 2025. ‡z9781496487957 |
| 901 | . | ‡a469434 ‡bAUTOGEN ‡c469434 ‡tbiblio | |

Add to basket
Permalink
Disable Highlighting